20 oiseaux de fiction - Statistiques

Statistiques générales
  • Ce quiz a été pris 1 357 fois
  • Le résultat moyen est 8 sur 20
Statistiques - réponses
Indice(s) Nom % Correct
Petit canari jaune, sans cesse pourchassé par Grosminet. Titi
95%
Canard le plus riche du monde, réputé pour son avarice et son côté aventurier. Balthazar Picsou
91%
Chouette blanche d'Harry Potter. Hedwige
86%
Seul poussin noir dans une portée de jaunes, il porte sur la tête sa coquille d'œuf. Calimero
85%
Canard noir, survolté et imprévisible, membre Looney Tunes. Daffy Duck
78%
Grand géocoucou sans relache pourchassé par Coyote. Bip Bip
77%
De type vol & normal, il est la sous-évolution de Roucoups. Roucool
64%
Calao à bec rouge issu du Roi Lion. Zazu
61%
Ara bleu, héros d'un film d'animation de 2011. Blu
37%
Petit poulet héros d'un film d'animation Disney. Chicken Little
36%
Oiseau légèrement colérique, dans Angry Birds. Red
19%
Héros de DC Comics, paré d'une paire d'aile et d'un masque d'aigle, armé d'une massue. Hawkman
11%
Un des Pingouins de Madagascar, avec Commandant, Kowalski et Rico. Soldat
10%
Poule pondeuse héroïne de 'Chicken Run'. Ginger
8%
Manchot, mascotte officielle de Linux. Tux
7%
Grand aigle de la Terre du Milieu, son nom signifie 'Seigneur des Vents'. Gwaihir
6%
Coq du village d'Astérix. Chanteclairix
5%
Manchot empereur héros du film d'animation 'Happy Feet'. Mumble
4%
Homme-oiseau fabuleux de la mythologie hindouiste puis bouddhiste. Garuda
2%
Faucon crécerelle, héros d'un film britannique éponyme de 1969. Kes
2%
Aucun quiz correspondant
Distribution des résultats
% des personnes avec chaque résultat
Percentile par nombre de réponses
Votre historique - résultats
Vous n’avez pas pris ce quiz